<?xml version="1.0" encoding="UTF-8"?><?xml-stylesheet type="text/xsl" href="static/style.xsl"?><OAI-PMH xmlns="http://www.openarchives.org/OAI/2.0/" xmlns:xsi="http://www.w3.org/2001/XMLSchema-instance" xsi:schemaLocation="http://www.openarchives.org/OAI/2.0/ http://www.openarchives.org/OAI/2.0/OAI-PMH.xsd"><responseDate>2026-04-13T06:38:43Z</responseDate><request verb="GetRecord" identifier="oai:www.recercat.cat:10256/24624" metadataPrefix="marc">https://recercat.cat/oai/request</request><GetRecord><record><header><identifier>oai:recercat.cat:10256/24624</identifier><datestamp>2024-10-29T20:42:08Z</datestamp><setSpec>com_2072_452955</setSpec><setSpec>com_2072_2054</setSpec><setSpec>col_2072_453063</setSpec></header><metadata><record xmlns="http://www.loc.gov/MARC21/slim" xmlns:dcterms="http://purl.org/dc/terms/" xmlns:xsi="http://www.w3.org/2001/XMLSchema-instance" xmlns:doc="http://www.lyncode.com/xoai" xsi:schemaLocation="http://www.loc.gov/MARC21/slim http://www.loc.gov/standards/marcxml/schema/MARC21slim.xsd">
   <leader>00925njm 22002777a 4500</leader>
   <datafield ind2=" " ind1=" " tag="042">
      <subfield code="a">dc</subfield>
   </datafield>
   <datafield ind2=" " ind1=" " tag="720">
      <subfield code="a">Zaidi, Sihem</subfield>
      <subfield code="e">author</subfield>
   </datafield>
   <datafield ind2=" " ind1=" " tag="720">
      <subfield code="a">Thakur, Suman</subfield>
      <subfield code="e">author</subfield>
   </datafield>
   <datafield ind2=" " ind1=" " tag="720">
      <subfield code="a">Sánchez Rodríguez, Daniel</subfield>
      <subfield code="e">author</subfield>
   </datafield>
   <datafield ind2=" " ind1=" " tag="720">
      <subfield code="a">Verdejo Márquez, Raquel</subfield>
      <subfield code="e">author</subfield>
   </datafield>
   <datafield ind2=" " ind1=" " tag="720">
      <subfield code="a">Farjas Silva, Jordi</subfield>
      <subfield code="e">author</subfield>
   </datafield>
   <datafield ind2=" " ind1=" " tag="720">
      <subfield code="a">Costa i Balanzat, Josep</subfield>
      <subfield code="e">author</subfield>
   </datafield>
   <datafield ind2=" " ind1=" " tag="260">
      <subfield code="c">2024-05</subfield>
   </datafield>
   <datafield ind2=" " ind1=" " tag="520">
      <subfield code="a">This work provides a comprehensive thermomechanical and rheological characterization of a high-performance epoxy resin synthesized from a vanillin derivative, vanillyl alcohol. The study includes a complete analysis of the curing and decomposition kinetics that enabled a Time-Temperature-Transformation plot accounting for gelation, vitrification, and resin degradation to be developed. These plots allow one to determine the optimal time and temperature processing conditions that will yield the best mechanical properties. Kinetic predictions and experimental results showed that this resin can be cured at room temperature in just a few hours, forming a solid gelled glass. Enhanced mechanical properties are achieved by post-curing the resin at temperatures above Tg∞ = 85.4 °C. With a dynamic storage modulus of 2.7 GPa, this bio-based resin proves to be a sustainable alternative to fossil-based resins whose primary source is the ever-prevalent bisphenol A diglycidyl ether. Thermal oxidation is the main cause of the mechanical deterioration at high temperatures, as revealed by FTIR spectroscopy</subfield>
   </datafield>
   <datafield ind2=" " ind1=" " tag="520">
      <subfield code="a">The authors acknowledge AMADE and the GRMT project (PID2021–126989OB-I00 financed by the MCI, Spain). We also thank the Catalan Government for their support through 2017SGR1378. D.S.R. acknowledges the support received from the Beatriu de Pinós Programme and the Ministry of Research and Universities of the Government of Catalonia (Fellowship BP00069). S.T. acknowledges the SABIO project (PID2020–119546RJ-I00) financed by the MCIN/AEI, Spain</subfield>
   </datafield>
   <datafield ind2=" " ind1=" " tag="520">
      <subfield code="a">Open Access funding provided thanks to the CRUE-CSIC agreement with Elsevier</subfield>
   </datafield>
   <datafield tag="653" ind2=" " ind1=" ">
      <subfield code="a">Resines epoxídiques -- Propietats mecàniques</subfield>
   </datafield>
   <datafield tag="653" ind2=" " ind1=" ">
      <subfield code="a">Epoxy resins -- Mechanical properties</subfield>
   </datafield>
   <datafield ind2="0" ind1="0" tag="245">
      <subfield code="a">Optimal processing conditions of a bio-based epoxy synthesized from vanillyl alcohol</subfield>
   </datafield>
</record></metadata></record></GetRecord></OAI-PMH>